书目信息 |
| 题名: |
模糊数学引论
|
|
| 作者: | 汪诚义 编著 | |
| 分册: | ||
| 出版信息: | 北京 北京工业大学出版社 1988.10 |
|
| 页数: | 186页 | |
| 开本: | 19cm | |
| 丛书名: | ||
| 单 册: | ||
| 中图分类: | O159 | |
| 科图分类: | ||
| 主题词: | ||
| 电子资源: | ||
| ISBN: | 7-81013-007-2 | |
| 000 | 00641nam0 2200229 45 | |
| 001 | 0189028112 | |
| 005 | 20040518095310.1 | |
| 010 | @a7-81013-007-2@dCNY1.25 | |
| 020 | @aCN@b89028112 | |
| 100 | @a19911017d1988 e y0chiy0120 ea | |
| 101 | 0 | @achi |
| 102 | @aCN@b110000 | |
| 105 | @ay z 000yy | |
| 106 | @ar | |
| 200 | 10 | @a模糊数学引论@Amo hu shu xue yin lun@f汪诚义编著@Fwang cheng yi bian zhu |
| 210 | @a北京@c北京工业大学出版社@d1988.10 | |
| 215 | @a186页@d19cm | |
| 540 | 1 | @a模糊数学@Amo hu shu xue |
| 690 | @aO159@v1980 | |
| 701 | 0 | @a汪诚义@Awang cheng yi@4编著 |
| 801 | 0 | @aCN@bNLC@c19911017 |
| 905 | @f1@b215521@dO159@e20 | |
| 模糊数学引论/汪诚义编著.-北京:北京工业大学出版社,1988.10 |
| 186页;19cm |
| ISBN 7-81013-007-2:CNY1.25 |
| ● |
| 相关链接 |
|
|
|
|
正题名:模糊数学引论
索取号:O159/20
 
预约/预借
| 序号 | 登录号 | 条形码 | 馆藏地/架位号 | 状态 | 备注 |
| 1 | 0215521 | 000416384 | 第三借阅区/ [索取号:O159/20] | 在馆 | |
| 2 | 0215522 | 001939095 | 第三借阅区/ [索取号:O159/20] | 在馆 | |
| 3 | 0215523 | 000416375 | 第二样本阅览室/ [索取号:O159/20] | 在馆 |